Statistics for How Many Central American Countries Can You Name In 15 Seconds

Click here to take the quiz!

General Stats

  • This quiz has been taken 222 times
    (213 since last reset)
  • The average score is 4 of 7

Answer Stats

Answer% Correct
Panama
71%
Costa Rica
68%
Belize
66%
Honduras
66%
El Salvador
59%
Guatemala
59%
Nicaragua
59%

Score Distribution

Percentile by Number Answered

Percent of People with Each Score

Your Score History

You have not taken this quiz since the last reset